000 00304nam a22001337a 4500
008 180110b xxu||||| |||| 00| 0 eng d
020 _a0435102710
041 _aeng
080 _a371
100 _a46
101 _aEDU
245 _aWriting: Teachers & Children at Work
_cGraves, D.H
942 _2udc
_cBK
999 _c40033
_d40033